[Event "Pere Noel"]
[Site "Montreal CAN"]
[Date "2023.12.28"]
[Round "2.5"]
[White "Gueorguiev, Valentin"]
[Black "Ouellet, Maili-Jade"]
[Result "0-1"]
[WhiteElo "1944"]
[BlackElo "2325"]
[PlyCount "136"]
[EventDate "2023.12.27"]
[EventType "swiss"]
[EventRounds "5"]
[EventCountry "CAN"]

1. d4 d5 2. Nf3 Nf6 3. Bf4 c5 4. e3 Nc6 5. Nbd2 Qb6 6. dxc5 Qxb2 7. Rb1 Qc3 8.
Bb5 e6 9. O-O Be7 10. e4 O-O 11. e5 Nd7 12. Nb3 Qb4 13. Nbd4 Qxc5 14. Re1 Nxd4
15. Nxd4 a6 16. Bd3 g6 17. Nb3 Qc7 18. Qg4 Qd8 19. Bh6 f5 20. Qg3 Rf7 21. c4 d4
22. Rbd1 Nc5 23. Nxc5 Bxc5 24. h4 Rc7 25. h5 Qe8 26. f4 Bd7 27. Kh2 Ba4 28. Rb1
Rd8 29. Rh1 Rdd7 30. Kg1 Bc6 31. Rb2 Be4 32. Rh3 Bf8 33. Bg5 Bxd3 34. Qxd3 Bg7
35. hxg6 hxg6 36. Rb6 Rc6 37. Rb1 Qc8 38. Re1 b5 39. Qg3 d3 40. Qh4 Kf7 41. Bf6
Qg8 42. Rb1 d2 43. Rd1 Rxc4 44. Rf3 Rc2 45. a3 Rc1 46. Rff1 Rxd1 47. Rxd1 Rd5
48. Bxg7 Qxg7 49. Qf2 Qf8 50. Qh4 Ke8 51. Qg5 Qxa3 52. Qxg6+ Kd7 53. Qh7+ Qe7
54. Qh5 Kc6 55. Qf3 Qc5+ 56. Kh2 Qc2 57. g4 Qd3 58. Qxd3 Rxd3 59. g5 b4 60. g6
Rd7 61. g7 Rxg7 62. Rxd2 Rd7 63. Rg2 a5 64. Rc2+ Kb6 65. Kg3 b3 66. Rb2 a4 67.
Kh4 Rd3 68. Kg5 a3 0-1

[Event "Pere Noel"]
[Site "Montreal CAN"]
[Date "2023.12.28"]
[Round "2.7"]
[White "Bouchard, Jean-Marc"]
[Black "Zheng, Richard"]
[Result "0-1"]
[WhiteElo "1884"]
[BlackElo "2263"]
[PlyCount "40"]
[EventDate "2023.12.27"]
[EventType "swiss"]
[EventRounds "5"]
[EventCountry "CAN"]

1. b3 d5 2. Bb2 Bg4 3. Nf3 Nd7 4. Ne5 Nxe5 5. Bxe5 d4 6. h3 Bh5 7. Bf4 f6 8. g4
Bf7 9. Bg2 e5 10. Bg3 Bd5 11. Bxd5 Qxd5 12. f3 h5 13. e4 dxe3 14. dxe3 Qc6 15.
gxh5 Nh6 16. c4 Nf5 17. Bf2 Bc5 18. Qe2 Qb6 19. e4 Nd4 20. Qd3 Nxb3 0-1

[Event "Pere Noel"]
[Site "Montreal CAN"]
[Date "2023.12.28"]
[Round "2.8"]
[White "Clyde, Jordan"]
[Black "Chouchane, Amine"]
[Result "1-0"]
[WhiteElo "2250"]
[BlackElo "2000"]
[PlyCount "93"]
[EventDate "2023.12.27"]
[EventType "swiss"]
[EventRounds "5"]
[EventCountry "CAN"]

1. d3 d5 2. g3 Nf6 3. Bg2 e6 4. c3 c5 5. e4 Nc6 6. Nh3 dxe4 7. dxe4 Qxd1+ 8.
Kxd1 b6 9. f4 Ba6 10. Nf2 O-O-O+ 11. Nd2 h5 12. Bf3 e5 13. Be2 Bb7 14. Kc2 h4
15. Bf3 Ba6 16. b3 Bd6 17. Nc4 Bxc4 18. bxc4 Na5 19. Ng4 Nxg4 20. Bxg4+ Kc7 21.
fxe5 Bxe5 22. gxh4 Rd6 23. Rf1 f6 24. h5 Bxh2 25. Rf2 Be5 26. Be2 Rd7 27. Rg2
Re7 28. Bd2 Bd6 29. Rag1 Rh7 30. Rg6 Nc6 31. h6 gxh6 32. Rxf6 h5 33. Rgg6 Ne5
34. Rxd6 Nxg6 35. Rxg6 h4 36. Bf4+ Kb7 37. Kd3 h3 38. Bh2 Ref7 39. Ke3 Rh8 40.
e5 Re7 41. e6 Rhe8 42. Bf3+ Ka6 43. Bd5 Rh7 44. Bc6 Ree7 45. Bd6 Reg7 46. Rxg7
Rxg7 47. e7 1-0

[Event "Pere Noel"]
[Site "Montreal CAN"]
[Date "2023.12.28"]
[Round "2.9"]
[White "Jutras, Arnaud"]
[Black "Zhang, Chu Hang"]
[Result "0-1"]
[WhiteElo "1639"]
[BlackElo "2241"]
[PlyCount "54"]
[EventDate "2023.12.27"]
[EventType "swiss"]
[EventRounds "5"]
[EventCountry "CAN"]

1. d4 c5 2. d5 Nf6 3. Nf3 b5 4. e3 Bb7 5. c4 g6 6. Be2 Bg7 7. O-O bxc4 8. Bxc4
O-O 9. Nc3 d6 10. Re1 Nbd7 11. e4 Nb6 12. Bf1 e6 13. dxe6 fxe6 14. e5 Bxf3 15.
gxf3 Nfd5 16. Nxd5 exd5 17. exd6 Qxd6 18. Qe2 Nc4 19. Bh3 Kh8 20. Rb1 g5 21.
Kh1 Qg6 22. Be3 Rae8 23. Red1 Ne5 24. Bxc5 Nxf3 25. Qf1 Rf4 26. Be3 Rh4 27. Qg2
Qh5 0-1

[Event "Pere Noel"]
[Site "Montreal CAN"]
[Date "2023.12.28"]
[Round "2.10"]
[White "Lin, Leo"]
[Black "Gagnon, Serge"]
[Result "1-0"]
[WhiteElo "2236"]
[BlackElo "1945"]
[PlyCount "81"]
[EventDate "2023.12.27"]
[EventType "swiss"]
[EventRounds "5"]
[EventCountry "CAN"]

1. e4 g6 2. d4 Bg7 3. Nf3 d6 4. Bd3 Nc6 5. c3 e5 6. d5 Nce7 7. O-O f5 8. Ng5
Nf6 9. f3 f4 10. Qa4+ Kf8 11. c4 Bd7 12. Qb3 b6 13. Nc3 Qc8 14. a4 h6 15. Ne6+
Bxe6 16. dxe6 a5 17. Nd5 Ne8 18. Qc3 Qxe6 19. b4 axb4 20. Nxb4 Qd7 21. Bc2 Nc6
22. Nd5 Nd4 23. Bd1 Qc6 24. Rf2 Ne6 25. Ba3 Nc5 26. Rfa2 Kf7 27. Bb4 Nf6 28. a5
bxa5 29. Bxa5 Nfxe4 30. fxe4 Nxe4 31. Qc2 Qc5+ 32. Kh1 Nf2+ 33. Qxf2 Rxa5 34.
Qe2 Rha8 35. Rxa5 Rxa5 36. Rb1 Qa7 37. Qg4 c6 38. Bc2 cxd5 39. Qxg6+ Kg8 40.
Qe6+ Kf8 41. Bg6 1-0

[Event "Pere Noel"]
[Site "Montreal CAN"]
[Date "2023.12.28"]
[Round "2.12"]
[White "Saha, Ananda"]
[Black "Morteza, Arian"]
[Result "1-0"]
[WhiteElo "2165"]
[BlackElo "1944"]
[PlyCount "61"]
[EventDate "2023.12.27"]
[EventType "swiss"]
[EventRounds "5"]
[EventCountry "CAN"]

1. e4 c6 2. d4 d5 3. exd5 cxd5 4. Nf3 Nf6 5. Ne5 e6 6. Bb5+ Nbd7 7. O-O a6 8.
Bd3 Nxe5 9. dxe5 Nd7 10. Re1 Nc5 11. Bf1 b6 12. Be3 Bb7 13. c3 Nd7 14. Bd4 Bc5
15. Qg4 g6 16. Nd2 h5 17. Qf4 g5 18. Qe3 Be7 19. b4 Kf8 20. Bd3 a5 21. b5 Nc5
22. Bc2 a4 23. Rf1 f5 24. exf6 Bxf6 25. f4 g4 26. f5 e5 27. Bxe5 Qe7 28. Rae1
Re8 29. Bd6 Qxd6 30. Qxe8+ Kg7 31. Qg6+ 1-0

[Event "Pere Noel"]
[Site "Montreal CAN"]
[Date "2023.12.28"]
[Round "2.13"]
[White "Guillemette, Hugo"]
[Black "Hu, Raymond"]
[Result "1-0"]
[WhiteElo "2116"]
[BlackElo "1750"]
[PlyCount "77"]
[EventDate "2023.12.27"]
[EventType "swiss"]
[EventRounds "5"]
[EventCountry "CAN"]

1. e4 c5 2. Nf3 e6 3. Nc3 Nc6 4. d4 cxd4 5. Nxd4 Qc7 6. Be3 a6 7. Qf3 Ne5 8.
Qg3 h5 9. f4 Ng4 10. Bg1 b5 11. h3 N4f6 12. e5 h4 13. Qe3 b4 14. Ne4 Nd5 15.
Qd2 Bb7 16. Bd3 d6 17. Nxd6+ Bxd6 18. exd6 Qxd6 19. Ne2 Ngf6 20. Bd4 Rd8 21. c3
Nh5 22. O-O f5 23. Rae1 Rh6 24. Be5 Qc6 25. Nd4 bxc3 26. Qf2 Qd7 27. Bxf5 exf5
28. Bxg7+ Kf7 29. Bxh6 Ng3 30. Bg5 Nf6 31. Bxf6 Kxf6 32. bxc3 Be4 33. Nf3 Bxf3
34. Qxf3 Nxf1 35. Rxf1 Qd2 36. Qc6+ Rd6 37. Qe8 Rd8 38. Qe5+ Kg6 39. Qe6+ 1-0

[Event "Pere Noel"]
[Site "Montreal CAN"]
[Date "2023.12.28"]
[Round "2.14"]
[White "Nicula, Marius"]
[Black "Ramos, Michelle"]
[Result "1-0"]
[WhiteElo "2294"]
[BlackElo "1702"]
[PlyCount "131"]
[EventDate "2023.12.27"]
[EventType "swiss"]
[EventRounds "5"]
[EventCountry "CAN"]

1. Nf3 f5 2. d3 d5 3. c4 e6 4. Nbd2 Nf6 5. b3 Be7 6. Bb2 c5 7. e3 Nc6 8. cxd5
exd5 9. d4 cxd4 10. Nxd4 Nxd4 11. Bxd4 O-O 12. Be2 Be6 13. O-O a6 14. a3 Ne4
15. f3 Nxd2 16. Qxd2 Bf6 17. Rac1 Bxd4 18. Qxd4 Qd6 19. b4 b5 20. Rc5 Rfc8 21.
Rfc1 Rxc5 22. Rxc5 Rc8 23. Rxc8+ Bxc8 24. e4 Be6 25. e5 Qc7 26. Kf2 Kf7 27. f4
g6 28. Qe3 Kg7 29. Ke1 h6 30. Kd2 Kf7 31. Qd4 Qb7 32. Bf3 Qc6 33. Qa7+ Bd7 34.
h3 h5 35. g3 Ke6 36. Qb8 Ke7 37. Qg8 Be6 38. Qb8 Bd7 39. Qa7 Ke6 40. g4 hxg4
41. hxg4 Ke7 42. gxf5 gxf5 43. Be2 Qh6 44. Qc5+ Ke8 45. Qd4 Qc6 46. Qg1 Be6 47.
Qa7 Bd7 48. Bd3 Qh6 49. Qf2 Ke7 50. Kc3 Qc6+ 51. Kb2 Be6 52. Qg1 Qc8 53. Qg7+
Ke8 54. Be2 Qd7 55. Bh5+ Kd8 56. Qf8+ Kc7 57. Be8 Qd8 58. Qc5+ Kb8 59. Bc6 Qc7
60. Kc3 Qa7 61. Qxa7+ Kxa7 62. Kd4 Kb6 63. Bxd5 Bd7 64. e6 Be8 65. Ke5 a5 66.
Kxf5 1-0

[Event "Pere Noel"]
[Site "Montreal CAN"]
[Date "2023.12.28"]
[Round "2.15"]
[White "Genzling, Jerome"]
[Black "Cottreau, Aiden"]
[Result "1-0"]
[WhiteElo "2193"]
[BlackElo "1840"]
[PlyCount "107"]
[EventDate "2023.12.27"]
[EventType "swiss"]
[EventRounds "5"]
[EventCountry "CAN"]

1. e4 c5 2. Nf3 Nc6 3. d4 cxd4 4. Nxd4 g6 5. Nc3 Bg7 6. Nde2 Nf6 7. g3 O-O 8.
Bg2 d6 9. O-O Be6 10. h3 Qd7 11. Nf4 Bc4 12. Re1 e5 13. Nfd5 Nxd5 14. Nxd5 Bxd5
15. exd5 Nd4 16. c3 Nf5 17. a4 Rac8 18. Qb3 Nh6 19. Be3 f5 20. f4 b6 21. a5 b5
22. a6 Rc7 23. Ra5 Rb8 24. fxe5 Bxe5 25. Bxh6 Bxg3 26. Re6 f4 27. Bf3 b4 28.
Ra4 Qb5 29. Rxb4 Qc5+ 30. Kh1 Rxb4 31. Qxb4 Qxb4 32. cxb4 Rc1+ 33. Kg2 Rc2+ 34.
Re2 Rc4 35. Re4 Rc2+ 36. Be2 Rxb2 37. b5 Kf7 38. Bg5 h6 39. Be7 g5 40. Kf3 h5
41. Bxg5 Rb3+ 42. Kg2 Kg6 43. h4 Kf5 44. Re6 Rb2 45. Kh3 Rb3 46. Bxh5 Be1+ 47.
Kg2 Bg3 48. Bf3 Rb2+ 49. Be2 Rb3 50. Be7 Rb2 51. Kh3 Rxe2 52. Rxe2 f3 53. Kxg3
fxe2 54. Kf2 1-0

[Event "Pere Noel"]
[Site "Montreal CAN"]
[Date "2023.12.28"]
[Round "2.16"]
[White "Forget, Luc"]
[Black "Hrivnak, Vladimir"]
[Result "0-1"]
[WhiteElo "1782"]
[BlackElo "2166"]
[PlyCount "82"]
[EventDate "2023.12.27"]
[EventType "swiss"]
[EventRounds "5"]
[EventCountry "CAN"]

1. d4 d5 2. c4 e6 3. Nc3 Nf6 4. Bg5 c6 5. e3 Qa5 6. Bxf6 gxf6 7. cxd5 cxd5 8.
Qa4+ Qxa4 9. Nxa4 Bb4+ 10. Nc3 a6 11. Bd3 Bd7 12. Nf3 f5 13. Ne5 f6 14. Nxd7
Nxd7 15. O-O Ke7 16. Rac1 Rhc8 17. Ne2 Nb6 18. b3 Ba3 19. Rxc8 Rxc8 20. f4 Rc7
21. Kf2 Nc8 22. Rd1 Nd6 23. h3 Ne4+ 24. Kf1 h5 25. Bxe4 fxe4 26. Rd2 f5 27. Kf2
h4 28. Kf1 Kd7 29. Kf2 Rc6 30. Kf1 Kc7 31. Kf2 Kb6 32. Kf1 Kb5 33. Kf2 Kb4 34.
g4 hxg3+ 35. Kxg3 Bc1 36. Nxc1 Rxc1 37. Kg2 Kc3 38. Rf2 Kd3 39. h4 Kxe3 40. h5
Rc7 41. Kf1 Rh7 0-1

[Event "Pere Noel"]
[Site "Montreal CAN"]
[Date "2023.12.28"]
[Round "2.17"]
[White "Auersperg, Leo"]
[Black "Adam, Rafael"]
[Result "0-1"]
[WhiteElo "1694"]
[BlackElo "2160"]
[PlyCount "106"]
[EventDate "2023.12.27"]
[EventType "swiss"]
[EventRounds "5"]
[EventCountry "CAN"]

1. e4 e5 2. Nf3 Nc6 3. d4 exd4 4. Nxd4 Bc5 5. Nb3 Bb6 6. Nc3 Nge7 7. Qe2 O-O 8.
Be3 d6 9. O-O-O f5 10. Kb1 fxe4 11. Bxb6 axb6 12. Nxe4 Bf5 13. f3 Qd7 14. g4
Bg6 15. h4 Qe6 16. Qb5 Bxe4 17. fxe4 Ne5 18. g5 Qg4 19. Re1 Kh8 20. Bh3 Qg3 21.
Nd4 N7c6 22. Nf5 Qf2 23. h5 Nd4 24. Nxd4 Qxd4 25. Be6 Rf2 26. h6 g6 27. Rhf1 c6
28. Rxf2 Qxf2 29. Qe2 Qxe2 30. Rxe2 Nf3 31. Re3 Nxg5 32. Bb3 Re8 33. a4 Nxe4
34. Kc1 d5 35. c3 Nd6 36. Rxe8+ Nxe8 37. c4 Nf6 38. cxd5 Nxd5 39. Kd2 Kg8 40.
Kd3 Kf7 41. Ke4 Ke6 42. Bd1 Ne7 43. Bg4+ Nf5 44. b4 c5 45. bxc5 bxc5 46. a5 Kd6
47. Bf3 Nxh6 48. Kf4 Kc7 49. Ke5 Nf5 50. Kd5 Nd4 51. Bd1 Nc6 52. a6 b6 53. Bf3
Nb4+ 0-1

[Event "Pere Noel"]
[Site "Montreal CAN"]
[Date "2023.12.28"]
[Round "2.18"]
[White "Charaf, Bassel"]
[Black "Duval, Mathieu"]
[Result "1-0"]
[WhiteElo "2028"]
[BlackElo "1810"]
[PlyCount "73"]
[EventDate "2023.12.27"]
[EventType "swiss"]
[EventRounds "5"]
[EventCountry "CAN"]

1. d4 d5 2. Nf3 Nf6 3. Bf4 Bf5 4. c4 c6 5. Qb3 Qc8 6. e3 Nbd7 7. Nc3 e6 8. Nh4
Bg6 9. h3 Be7 10. Nxg6 hxg6 11. Bd3 dxc4 12. Bxc4 Nd5 13. Bh2 N7b6 14. Be2 Nxc3
15. bxc3 O-O 16. a4 c5 17. O-O cxd4 18. cxd4 Qd7 19. Rfb1 Bd6 20. Bxd6 Qxd6 21.
a5 Nd5 22. Qxb7 Rfb8 23. Qa6 Qc7 24. Rc1 Qe7 25. Bf3 Rb2 26. Bxd5 exd5 27. Rc5
Rd8 28. Rac1 Rd6 29. Qc8+ Kh7 30. Qg4 f5 31. Qf4 Qd8 32. Rc8 Qf6 33. h4 Re6 34.
Ra8 Re4 35. Qg5 Qxg5 36. hxg5 f4 37. Rcc8 1-0

[Event "Pere Noel"]
[Site "Montreal CAN"]
[Date "2023.12.28"]
[Round "2.19"]
[White "Brassard, Sylvain"]
[Black "Vezeau, Jonathan"]
[Result "1-0"]
[WhiteElo "1769"]
[BlackElo "2007"]
[PlyCount "65"]
[EventDate "2023.12.27"]
[EventType "swiss"]
[EventRounds "5"]
[EventCountry "CAN"]

1. d4 d5 2. Nf3 c6 3. Bf4 Nf6 4. e3 e6 5. c3 Bd6 6. Nbd2 Qc7 7. Bxd6 Qxd6 8.
Bd3 Nbd7 9. O-O O-O 10. h3 e5 11. dxe5 Nxe5 12. Nxe5 Qxe5 13. Nf3 Qh5 14. Nd4
Qe5 15. Nf3 Qe7 16. Qc2 g6 17. Rfe1 Re8 18. Rad1 b6 19. Nd2 Bb7 20. e4 Qc7 21.
exd5 cxd5 22. Nf3 a6 23. Nd4 Qf4 24. Qc1 Qh4 25. Nf3 Qh5 26. Qf4 Ne4 27. g4
Qxh3 28. Bxe4 Rxe4 29. Rxe4 dxe4 30. Ng5 Qh4 31. Qxf7+ Kh8 32. Qf6+ Kg8 33.
Rd8+ 1-0

[Event "Pere Noel"]
[Site "Montreal CAN"]
[Date "2023.12.28"]
[Round "2.20"]
[White "Liu, Lucas"]
[Black "Mok, Yuen Tak"]
[Result "0-1"]
[WhiteElo "1655"]
[BlackElo "1990"]
[PlyCount "122"]
[EventDate "2023.12.27"]
[EventType "swiss"]
[EventRounds "5"]
[EventCountry "CAN"]

1. d4 d5 2. c4 c6 3. Nc3 Nf6 4. Nf3 e6 5. Bg5 Nbd7 6. e3 Qa5 7. Nd2 Bb4 8. Qc2
dxc4 9. Bxf6 Nxf6 10. Nxc4 Qc7 11. Bd3 c5 12. O-O Bd7 13. Rfd1 cxd4 14. exd4
Rc8 15. Rac1 O-O 16. Ne5 Rfd8 17. Qb1 Qb8 18. Ne4 Nxe4 19. Bxe4 h6 20. Nxd7
Rxd7 21. d5 Rxc1 22. Qxc1 Qd8 23. Qc4 Bf8 24. Rd3 Rc7 25. Qb3 Bd6 26. g3 e5 27.
Rc3 g6 28. Rxc7 Qxc7 29. Qc2 Qb6 30. b3 Kg7 31. Qc3 Qa6 32. Qb2 Qa5 33. Kg2 Qe1
34. Bd3 Qa5 35. Be4 Qb4 36. Bd3 Qc5 37. Be4 Kh7 38. Qc2 Qa5 39. Qc8 Qb4 40. Bd3
Qd4 41. Bc4 Bc5 42. Qxb7 Qxf2+ 43. Kh3 Qf5+ 44. Kg2 e4 45. d6 Qf3+ 46. Kh3 Qf5+
47. Kg2 Qf3+ 48. Kh3 Bxd6 49. Qxf7+ Qxf7 50. Bxf7 Kg7 51. Bd5 e3 52. Bc4 Kf6
53. Kg2 Ke5 54. Kf3 Kd4 55. Ke2 g5 56. a4 a5 57. Bf7 Bc5 58. g4 Ke4 59. Bg8 Bd6
60. Kf1 Kf3 61. Ke1 Bb4+ 0-1

[Event "Pere Noel"]
[Site "Montreal CAN"]
[Date "2023.12.28"]
[Round "2.21"]
[White "Gagnon, Gabriel"]
[Black "Lima-Barbosa, Raphael"]
[Result "0-1"]
[WhiteElo "1810"]
[BlackElo "1958"]
[PlyCount "66"]
[EventDate "2023.12.27"]
[EventType "swiss"]
[EventRounds "5"]
[EventCountry "CAN"]

1. e4 c5 2. Nc3 Nc6 3. f4 g6 4. Nf3 Bg7 5. Bb5 Nd4 6. Nxd4 cxd4 7. Ne2 e6 8.
O-O Ne7 9. d3 O-O 10. Qe1 a6 11. Ba4 b5 12. Bb3 Bb7 13. Qh4 f5 14. Ng3 Nc6 15.
Qh3 Na5 16. exf5 gxf5 17. Bd2 Nxb3 18. axb3 Rf6 19. Qh5 Qc7 20. Qd1 Rg6 21. Rf2
Re8 22. Bb4 Bf6 23. Qh5 Kh8 24. Rc1 a5 25. Be1 b4 26. Rd1 Reg8 27. Rdd2 Rg4 28.
Qf7 Bh4 29. Rde2 R4g7 30. Qh5 Bxg3 31. hxg3 Rxg3 32. Qf7 Qd8 33. Rxe6 R3g7 0-1

[Event "Pere Noel"]
[Site "Montreal CAN"]
[Date "2023.12.28"]
[Round "2.22"]
[White "Turcotte, Jonathan"]
[Black "Giard, Antoine"]
[Result "1/2-1/2"]
[WhiteElo "2041"]
[BlackElo "1836"]
[PlyCount "100"]
[EventDate "2023.12.27"]
[EventType "swiss"]
[EventRounds "5"]
[EventCountry "CAN"]

1. d4 Nf6 2. c4 g6 3. Nc3 Bg7 4. e4 d6 5. Be2 O-O 6. Nf3 e5 7. O-O Nc6 8. d5
Ne7 9. b4 Ne8 10. c5 f5 11. a4 Nf6 12. Nd2 Rf7 13. Ba3 Bf8 14. a5 g5 15. exf5
Nxf5 16. Nde4 h6 17. Nxf6+ Qxf6 18. Ne4 Qd8 19. Bg4 Nd4 20. Bxc8 Rxc8 21. cxd6
cxd6 22. Qd3 Qd7 23. Rac1 Rxc1 24. Rxc1 Qg4 25. Kh1 Ne2 26. Rd1 Nf4 27. Qf3
Qxf3 28. gxf3 a6 29. b5 axb5 30. Bxd6 Bxd6 31. Nxd6 Rd7 32. Nxb5 Rxd5 33. Rxd5
Nxd5 34. Nd6 b6 35. a6 Nc7 36. a7 Na8 37. Nc4 Kf7 38. Nxe5+ Ke6 39. Ng4 b5 40.
Ne3 Ke5 41. Nc2 Kd5 42. Kg2 Kc4 43. Kg3 Kc3 44. Ne3 Kd3 45. Nd5 Kc4 46. Nf6 b4
47. Ne4 Kd4 48. Nd2 Kc3 49. Ne4+ Kd4 50. Nd2 Kc3 1/2-1/2

[Event "Pere Noel"]
[Site "Montreal CAN"]
[Date "2023.12.28"]
[Round "2.23"]
[White "Jiang, Barron Jiyu"]
[Black "Tachijian, Mardig"]
[Result "1-0"]
[WhiteElo "1971"]
[BlackElo "1825"]
[PlyCount "75"]
[EventDate "2023.12.27"]
[EventType "swiss"]
[EventRounds "5"]
[EventCountry "CAN"]

1. e4 e5 2. Nf3 Nc6 3. d4 exd4 4. Nxd4 Bc5 5. Nxc6 Qf6 6. Qf3 dxc6 7. Bc4 Qxf3
8. gxf3 h6 9. a4 a5 10. Nd2 g5 11. Nb3 Bd6 12. Bd2 b6 13. h4 g4 14. f4 h5 15.
Nd4 Bd7 16. O-O-O Nh6 17. f5 f6 18. Ne2 Nf7 19. Bxf7+ Kxf7 20. Bf4 Bxf4+ 21.
Nxf4 Rad8 22. Rd3 Bc8 23. Rxd8 Rxd8 24. Nxh5 Rd4 25. Ng3 Rxa4 26. Kd2 c5 27.
Ke3 Rb4 28. h5 Kg8 29. h6 Kh8 30. Nh5 Bb7 31. Nxf6 Rd4 32. c3 Rd6 33. Nxg4 Kh7
34. Rh5 c4 35. Kf4 b5 36. e5 Rd3 37. Nf6+ Kh8 38. Rg5 1-0

[Event "Pere Noel"]
[Site "Montreal CAN"]
[Date "2023.12.28"]
[Round "2.25"]
[White "Chaurette, Laurent"]
[Black "St-Germain, Jack"]
[Result "1/2-1/2"]
[WhiteElo "1941"]
[BlackElo "1794"]
[PlyCount "61"]
[EventDate "2023.12.27"]
[EventType "swiss"]
[EventRounds "5"]
[EventCountry "CAN"]

1. d4 Nf6 2. c4 e6 3. Nf3 d5 4. g3 Be7 5. Bg2 O-O 6. O-O dxc4 7. Qc2 a6 8. a4
Bd7 9. Rd1 Bc6 10. Nc3 Nbd7 11. e4 b5 12. d5 exd5 13. exd5 Bb7 14. axb5 axb5
15. Rxa8 Qxa8 16. Nxb5 c6 17. dxc6 Bxc6 18. Nbd4 Ba4 19. b3 cxb3 20. Nxb3 Qb8
21. Nfd4 Nc5 22. Nf5 Bxb3 23. Nxe7+ Kh8 24. Qxc5 Bxd1 25. Bf4 Qd8 26. Bc7 Qe8
27. Bc6 Nd7 28. Bxd7 Qxd7 29. Ng6+ hxg6 30. Qxf8+ Kh7 31. Qd6 1/2-1/2

[Event "Pere Noel"]
[Site "Montreal CAN"]
[Date "2023.12.28"]
[Round "2.26"]
[White "Giroux, Robert"]
[Black "Steinberg, Ellis"]
[Result "0-1"]
[WhiteElo "1758"]
[BlackElo "1928"]
[PlyCount "48"]
[EventDate "2023.12.27"]
[EventType "swiss"]
[EventRounds "5"]
[EventCountry "CAN"]

1. Nf3 Nf6 2. g3 g6 3. b3 Bg7 4. Bb2 c5 5. c4 Nc6 6. Bg2 O-O 7. O-O d6 8. d3 e5
9. Nbd2 Re8 10. Qc1 Rb8 11. Re1 Bd7 12. Ne4 Qe7 13. Nc3 a6 14. a4 Nd4 15. Nxd4
cxd4 16. Nd5 Nxd5 17. Bxd5 Bc6 18. Bg2 Rec8 19. Qd2 Bxg2 20. Kxg2 b5 21. axb5
axb5 22. Reb1 bxc4 23. bxc4 Rb3 24. Ra3 Qb7+ 0-1

[Event "Pere Noel"]
[Site "Montreal CAN"]
[Date "2023.12.28"]
[Round "2.27"]
[White "Berube, Maximilien"]
[Black "Bernales Garcia, Oscar"]
[Result "1/2-1/2"]
[WhiteElo "1921"]
[BlackElo "1766"]
[PlyCount "73"]
[EventDate "2023.12.27"]
[EventType "swiss"]
[EventRounds "5"]
[EventCountry "CAN"]

1. d4 d5 2. c4 e6 3. Nc3 Nf6 4. cxd5 exd5 5. Bf4 a6 6. e3 Bd6 7. Bxd6 Qxd6 8.
Bd3 O-O 9. Nge2 b5 10. a3 Bb7 11. O-O Nbd7 12. Ng3 g6 13. Rc1 c5 14. dxc5 Nxc5
15. b4 Nxd3 16. Qxd3 Rfd8 17. Rfd1 Rac8 18. Nce2 Rc4 19. Nd4 Rdc8 20. Nb3 Rxc1
21. Rxc1 Rxc1+ 22. Nxc1 Qc6 23. Nb3 d4 24. e4 Qc4 25. Qxc4 bxc4 26. Nxd4 Bxe4
27. Nxe4 Nxe4 28. Kf1 Kf8 29. Ke2 Nc3+ 30. Ke3 Ke7 31. Nc2 Nb5 32. a4 Nc3 33.
a5 Nb5 34. Nd4 Nc7 35. Nc2 Nb5 36. Nd4 Nc7 37. Nc2 1/2-1/2

[Event "Pere Noel"]
[Site "Montreal CAN"]
[Date "2023.12.28"]
[Round "2.28"]
[White "Duguay-Piron, Simon"]
[Black "Deboosere, Adam"]
[Result "0-1"]
[WhiteElo "1734"]
[BlackElo "1907"]
[PlyCount "74"]
[EventDate "2023.12.27"]
[EventType "swiss"]
[EventRounds "5"]
[EventCountry "CAN"]

1. e4 c6 2. Nc3 d5 3. Nf3 Bg4 4. h3 Bxf3 5. Qxf3 e6 6. Be2 Nf6 7. d3 Bb4 8. Bd2
d4 9. Nb1 Bxd2+ 10. Nxd2 Qa5 11. g4 Nbd7 12. a3 c5 13. g5 Ng8 14. Qg3 Ne7 15.
O-O-O b5 16. Kb1 Rc8 17. f4 Qc7 18. Qf2 Nc6 19. f5 Qd6 20. fxe6 Qxe6 21. Bg4
Qe7 22. e5 O-O 23. Rde1 Nd8 24. Bxd7 Qxd7 25. Ne4 Ne6 26. Rhf1 c4 27. Nd6 Rc6
28. h4 a5 29. h5 Nxg5 30. Qxd4 cxd3 31. Qxd3 b4 32. Rg1 h6 33. axb4 axb4 34.
Qb3 Qe6 35. Qg3 b3 36. c3 Rxd6 37. exd6 Qf5+ 0-1

[Event "Pere Noel"]
[Site "Montreal CAN"]
[Date "2023.12.28"]
[Round "2.29"]
[White "Avarian, Aram Sevag"]
[Black "Cloutier, Eric"]
[Result "1-0"]
[WhiteElo "1896"]
[BlackElo "1758"]
[PlyCount "59"]
[EventDate "2023.12.27"]
[EventType "swiss"]
[EventRounds "5"]
[EventCountry "CAN"]

1. e4 c6 2. d4 d5 3. exd5 cxd5 4. Bd3 Qc7 5. Ne2 Nc6 6. c3 Bg4 7. O-O e6 8. Qe1
Bd6 9. f3 Bh5 10. Qh4 Nf6 11. Bg5 Bg6 12. Bxg6 fxg6 13. Bxf6 gxf6 14. Qxf6 Kd7
15. Qh4 g5 16. Qh5 Raf8 17. Nd2 Kc8 18. b4 Qg7 19. b5 Ne7 20. Rfe1 Rf6 21. Ng3
Rf4 22. Qh3 g4 23. fxg4 Rxg4 24. Rxe6 Bxg3 25. Rxe7 Bxh2+ 26. Kxh2 Qg5 27. Nf3
Qf4+ 28. Kh1 h5 29. Rae1 h4 30. Rg7 1-0

[Event "Pere Noel"]
[Site "Montreal CAN"]
[Date "2023.12.28"]
[Round "2.30"]
[White "Banger, Sartag"]
[Black "Guillemette, Thomas"]
[Result "0-1"]
[WhiteElo "1724"]
[BlackElo "1888"]
[PlyCount "64"]
[EventDate "2023.12.27"]
[EventType "swiss"]
[EventRounds "5"]
[EventCountry "CAN"]

1. e4 c5 2. Nf3 Nc6 3. d4 cxd4 4. Nxd4 g6 5. c4 Bg7 6. Be3 Nf6 7. Nc3 Ng4 8.
Qxg4 Nxd4 9. Qd1 Nc6 10. Be2 O-O 11. O-O d6 12. Rc1 Bd7 13. Qd2 Rc8 14. b3 Re8
15. Rfd1 Ne5 16. Bxa7 b6 17. Nd5 Rc6 18. Qb4 Qa8 19. Bxb6 e6 20. Nc7 Qb8 21.
Rxd6 Rxc7 22. Qa5 Rc6 23. Rxc6 Nxc6 24. Qa6 Nb4 25. Qa5 Nxa2 26. Qxa2 Qxb6 27.
c5 Qb7 28. Qc2 Rc8 29. Qc4 Bc6 30. Bd3 Rb8 31. Rb1 Qb4 32. Qa6 Qxc5 0-1

[Event "Pere Noel"]
[Site "Montreal CAN"]
[Date "2023.12.28"]
[Round "2.32"]
[White "Yang, Jing Yao"]
[Black "Kozlov, Guennadi"]
[Result "1/2-1/2"]
[WhiteElo "1594"]
[BlackElo "1849"]
[PlyCount "76"]
[EventDate "2023.12.27"]
[EventType "swiss"]
[EventRounds "5"]
[EventCountry "CAN"]

1. e4 e6 2. d4 d5 3. Nc3 Nf6 4. Bg5 Be7 5. e5 Nfd7 6. Bxe7 Qxe7 7. f4 Nb6 8.
Nf3 Bd7 9. g4 c5 10. Bb5 Nc6 11. Qd2 cxd4 12. Bxc6 dxc3 13. Bxd7+ Qxd7 14. Qxc3
Rc8 15. Qd2 Qa4 16. c3 Qe4+ 17. Kf2 h5 18. Rhe1 Qg6 19. g5 Qf5 20. h4 Rc4 21.
Nd4 Qh7 22. Kg3 O-O 23. Qc2 Qxc2 24. Nxc2 Rfc8 25. Nd4 a6 26. f5 exf5 27. Nxf5
Rg4+ 28. Kh3 Rcc4 29. Nd4 Na4 30. e6 fxe6 31. Rxe6 Re4 32. Rxe4 dxe4 33. Rb1
Rc7 34. Kg2 Rf7 35. Kg3 b5 36. Ne2 e3 37. Nf4 Re7 38. Kf3 Re8 1/2-1/2

[Event "Pere Noel"]
[Site "Montreal CAN"]
[Date "2023.12.28"]
[Round "2.33"]
[White "Peloquin, Charli"]
[Black "Li, James"]
[Result "1/2-1/2"]
[WhiteElo "1848"]
[BlackElo "1516"]
[PlyCount "76"]
[EventDate "2023.12.27"]
[EventType "swiss"]
[EventRounds "5"]
[EventCountry "CAN"]

1. e4 c5 2. Nc3 e6 3. g3 d5 4. Bg2 dxe4 5. Nxe4 Nc6 6. Ne2 Bd7 7. d3 Nf6 8. O-O
Be7 9. Be3 b6 10. Nf4 O-O 11. h4 Rc8 12. h5 h6 13. Nxf6+ Bxf6 14. c3 Ne7 15. a4
e5 16. Nd5 Nxd5 17. Bxd5 Bh3 18. Bg2 Qd7 19. Bxh3 Qxh3 20. Qf3 Rfd8 21. Bxh6
gxh6 22. Qxf6 Qxh5 23. Kg2 Rxd3 24. Rh1 Qg5 25. Rxh6 Qxf6 26. Rxf6 Kg7 27. Rf5
Re8 28. Re1 e4 29. Rf4 Rd2 30. Rg4+ Kf6 31. Rf4+ Kg7 32. Rg4+ Kf6 33. Rh1 e3
34. Rf4+ Kg7 35. Rg4+ Kf6 36. Rf4+ Kg7 37. Rg4+ Kf6 38. Rf4+ Kg7 1/2-1/2